Movies Quiz

Random Movies or Star Wars Quiz

Star Wars Crawl (Episode I) Quiz Stats

 Plays Quiz Updated Apr 18, 2014

Challenge
Share
Tweet
Embed
Score 0/78 Timer 06:00
3 Plays Today
% Correct
a
93.9%
the
90.3%
The
90.3%
the
90.3%
the
90.3%
the
90.3%
the
90.3%
the
90.3%
the
90.3%
the
90.3%
the
90.2%
the
90.2%
Jedi
82.5%
in
73.6%
in
73.6%
of
70.9%
of
70.9%
of
70.9%
of
70.9%
of
70.9%
of
70.9%
galaxy
70.5%
Naboo.
68.9%
trade
68.4%
Trade
68.4%
Federation
66.5%
and
61.5%
is
59.5%
to
59.4%
to
59.4%
to
59.4%
to
59.3%
planet
58.9%
Republic.
57.7%
Republic
57.7%
Knights,
56.9%
peace
55.4%
two
52.8%
Galactic
50.8%
% Correct
blockade
49.3%
has
48.8%
has
48.8%
has
48.8%
star
43.5%
Chancellor
38.8%
justice
35.6%
guardians
34.1%
dispatched
33.3%
routes
31.7%
Supreme
28.4%
all
27.9%
with
27.2%
small
27.2%
taxation
26.9%
dispute.
26.9%
Turmoil
26.3%
systems
25.4%
secretly
24%
engulfed
23.2%
conflict.
21.9%
greedy
21.9%
this
20.9%
settle
19.8%
stopped
19.6%
resolve
19.4%
outlying
19.3%
battleships,
16.4%
While
16.3%
shipping
15.2%
matter
14.9%
deadly
14.9%
congress
14.6%
Hoping
14.4%
debates
14.2%
endlessly
13.7%
events,
12.1%
chain
11.4%
alarming
11%

You're not logged in!

Compare scores with friends on all Sporcle quizzes.
OR
Log In

You Might Also Like...

Show Comments

Extras

Top Quizzes Today


Score Distribution

Your Account Isn't Verified!

In order to create a playlist on Sporcle, you need to verify the email address you used during registration. Go to your Sporcle Settings to finish the process.

Report this User

Report this user for behavior that violates our Community Guidelines.

Details: